00377nam a2200121 i 4500001000300000100002200003245005600025260001900081040000800100041000800108008004100116856009800157bg1 aWYGODSKIJ, M. Ja. 0aSprawocnik po wyssej matematike /cM.Ja. Wygodskij. aMoskwa,c1972. cBPK apol s pl f |000 0 pol  uhttp://koha.tu.koszalin.pl/cgi-bin/koha/opac-detail.pl?biblionumber=14640yKatalog online BPK